000 00452ntaaa2200181 4500
003 01
005 20251027202711.0
008 0714s1973 ag 01
040 _aAR-BaBN
_bspa
_cAR-BaBN
_eaacr
_dRIC
082 _a501.0000 Su5
100 _aSullivan, J.W.N.
_926699
245 _aThe limitations of science
250 _a1 ed.
260 _aNew York :
_bNew American Library,
_cc1933, 1956
300 _a192 p
650 _aciencia
_94975
942 _cBK
999 _c22179
_d22179